| 000 | 00630nam a2200205 a 4500 | ||
|---|---|---|---|
| 001 | 21645 | ||
| 003 | CO-ViMGA | ||
| 008 | 141112s2004 ck r 000 u spa d | ||
| 020 | _a8437223997 | ||
| 040 |
_aCO-ViMGA _bspa _cCO-ViMGA |
||
| 082 | 0 | 4 | _aROSf |
| 100 | 1 |
_aRoss, Tony _954809 |
|
| 245 | 1 | 0 | _aFiguras |
| 260 |
_aMadrid : _bSantillana, _c2004 |
||
| 300 | _a12 | ||
| 490 | _aLa pequeña princesa - Altea | ||
| 590 | _aForma de adquisición : Donación fact. 8854 - - Precio : 18000 - - Proveedor : Fundación exito - - Fecha de adquisición : Junio 2007 | ||
| 650 | 1 | 4 |
_aCUENTOS INFANTILES INGLESES _915884 |
| 942 |
_2ddc _cBK |
||
| 999 |
_c30214 _d30214 |
||